000 01370nam a2200409 i 4500
001 52239
003 KOSZ 005
005 20210917085716.0
008 061020s2007 pl a f f |001 0 pol
015 _aPB 2007/301
020 _a8320816637
040 _aKOSZ 005
_cKOSZ 005
_dKOSZ 005/HR
046 _k2007
080 _a658.15
080 _a(075.8)
100 1 _aRutkowski, Andrzej
_c(ekonomia)
_eAutor
245 1 0 _aZarządzanie finansami /
_cAndrzej Rutkowski.
250 _aWyd. 3 zm.
260 _aWarszawa :
_bPolskie Wydawnictwo Ekonomiczne,
_c2007.
300 _a527 s. :
_bil. ;
_c24 cm.
336 _2rdacontent
_aTekst
_btxt
337 _2rdamedia
_aBez urządzenia pośredniczącego
_bn
338 _2rdacarrier
_aWolumin
_bnc
380 _aKsiążki
380 _aPublikacje dydaktyczne
385 _mPoziom nauczania
_aSzkoły wyższe
388 _a2001-
504 _aBibliogr. s. 513-517. Indeks.
650 4 _aZarządzanie finansami
650 4 _aFinanse przedsiębiorstwa
655 4 _aPodręczniki akademickie
658 _aGospodarka, ekonomia, finanse
710 2 _aPolskie Wydawnictwo Ekonomiczne
_4pbl.
856 _uhttp://koha.tu.koszalin.pl/cgi-bin/koha/opac-detail.pl?biblionumber=52239
_yKatalog online BPK
856 _uhttp://libra.ibuk.pl/book/136576
_yIBUK
942 _2UKD
_cKS
999 _c52239
_d52239